• 首页
  • 本馆介绍
  • 公告通知
  • 最新文献
  • 馆藏检索
  • 电子资源
  • 读者导购
  • 参考咨询
  • 我的图书馆
  • 登录
  • 详细信息显示
  • 放入我的书架
  • 预约/预借图书
  • 作者相关作品
  • 分类相关作品
  • 丛书相关作品
  • 出版社相关作品

书目信息

  • 表格格式
  • 工作单格式
  • 卡片格式
题名:
杂环化学
    
 
作者: 焦耳 , 米尔斯 著 ;由业诚 译
分册:  
出版信息: 北京   科学出版社  2004
页数: 23,649页
开本: 24cm
丛书名: 科学版研究生教学丛书
单 册:
中图分类: O626
科图分类:
主题词: 杂环化合物--研究生--教材 , 杂环化合物
电子资源:
ISBN: 7-03-012736-6
000 01308nam0 2200337 450
000 01316nam0 2200337 450
000 01249nam0 2200313 450
000 01212nam0 2200301 45
005 20070528090019.40
010    @a7-03-012736-6@dCNY68.00
100    @a20070418d2004 em y0chiy0120 ea
101 1  @achi@ceng
102    @aCN@b110000
105    @ay z 000yy
200 1  @a杂环化学@AZa Huan Hua Xue@f(英)J.A.焦耳(J.A.Joule),(英)K.米尔斯(K.Mills)著@F( Ying )J.A. Jiao Er (J.A.Joule),( Ying )K. Mi Er Si (K.Mills) Zhu@g由业诚,高大彬等译
210    @a北京@c科学出版社@d2004
215    @a23,649页@d24cm
225 2  @a科学版研究生教学丛书
300    @a大连市人民政府学术专著出版基金资助出版
305    @a经Blackwell Science Ltd授权出版据原书第4版译出
330    @a本书从结构、光谱性质、反应性能及合成方法等方面,分类介绍了各类芳香族杂环化合物,并介绍了杂环化合物在固相反应、医药工业及电子工业中的应用等内容。
410  0 @12001 @a科学版研究生教学丛书
510 1  @aHeterocyclic Chemistry@zeng
606 0  @a杂环化合物@x研究生@j教材
606 0  @a杂环化合物
690    @aO626@v4
701  1 @c(英)@a焦耳@AJiao Er@g(Joule, J.A.)@4著
701  1 @c(英)@a米尔斯@AMi Er Si@g(Mills, K.)@4著
702  0 @a由业诚@AYou Ye Cheng@4译
801  0 @aCN@bTAOJIN@c20070528
905    @a10447@dO626@e4
    
    杂环化学/(英)J.A.焦耳(J.A.Joule),(英)K.米尔斯(K.Mills)著/由业诚,高大彬等译.-北京:科学出版社,2004
    23,649页;24cm.-(科学版研究生教学丛书)
    大连市人民政府学术专著出版基金资助出版
    
    ISBN 7-03-012736-6:CNY68.00
    本书从结构、光谱性质、反应性能及合成方法等方面,分类介绍了各类芳香族杂环化合物,并介绍了杂环化合物在固相反应、医药工业及电子工业中的应用等内容。
●
相关链接 在E读中查询图书 在五车中查询图书 在当当中查询图书 在豆瓣中查询图书


正题名:杂环化学     索取号:O626/4         预约/预借

序号 登录号 条形码 馆藏地/架位号 状态 备注
1 0523146   205231462   第二样本阅览室/ [索取号:O626/4] 在馆    
2 0523147   205231471   第三借阅区/ [索取号:O626/4] 在馆    
3 0523148   205231480   第三借阅区/ [索取号:O626/4] 在馆    
4 0523149   205231499   第三借阅区/ [索取号:O626/4] 在馆    
5 0523150   205231505   第三借阅区/ [索取号:O626/4] 在馆    
6 0523151   205231514   第三借阅区/ [索取号:O626/4] 在馆    
7 0523152   205231523   第三借阅区/ [索取号:O626/4] 在馆    
8 0523153   205231532   第三借阅区/ [索取号:O626/4] 在馆    
唐山师范学院图书馆 欢迎您!
大连网信软件有限公司© 版权所有